Análisis del vocabulario en libros de texto para la enseñanza AICLE en 5º de Educación Primaria (Record no. 183493)

MARC details
000 -CABECERA
campo de control de longitud fija 01848nab a2200265 a 4500
005 - FECHA Y HORA DE LA ÚLTIMA TRANSACCIÓN
campo de control 20260108064007.0
008 - ELEMENTOS DE LONGITUD FIJA--INFORMACIÓN GENERAL
campo de control de longitud fija 991125c2015 sp fr p o 000 0 spa d
035 ## - NÚMERO DE CONTROL DEL SISTEMA
Número de control de sistema UPN01000211392
040 ## - FUENTE DE LA CATALOGACIÓN
Centro catalogador/agencia de origen MX-MxUPN
Lengua de catalogación spa
Centro/agencia transcriptor MX-MxUPN
Normas de descripción aacr2
049 ## - COLECCIÓN
Colección ART-E
100 1# - ASIENTO PRINCIPAL--NOMBRE PERSONAL
Nombre de persona García Bermejo, Verónica
100 1# - ASIENTO PRINCIPAL--NOMBRE PERSONAL
Filiación garciasn@alumnos.unex.es
245 10 - MENCIÓN DE TÍTULO
Título Análisis del vocabulario en libros de texto para la enseñanza AICLE en 5º de Educación Primaria
506 0# - NOTA DE RESTRICCIONES AL ACCESO
Limitaciones de acceso Acceso abierto
520 3# - NOTA DE RESUMEN, ETC.
Sumario, etc. En el presente estudio se analiza el vocabulario al que los alumnos están expuestos en dos libros de texto utilizados en AICLE (Aprendizaje Integrado de Contenidos y Lenguas Extranjeras), pertenecientes a las asignaturas de “Natural Science” y “Social Science” para 5º curso de educación primaria. El vocabulario de estos libros de texto se analiza desde una perspectiva de frecuencia, teniendo en cuenta también el tamaño de vocabulario necesario para comprender el texto en ambos libros en conjunto y en cada uno de ellos por separado. Para el estudio del vocabulario presente en ambos libros de texto se elaboró un corpus lingüístico y posteriormente se procedió a su análisis. Los resultados obtenidos en nuestro estudio parecen indicar que el libro de texto perteneciente a la asignatura de “Social Science” es más exigente en lo que respecta a vocabulario que la asignatura de “Natural Science”.
650 #4 - ASIENTO SECUNDARIO DE MATERIA - TERMINO TEMATICO
Término de materia o nombre geográfico como elemento de entrada Libros de texto
9 (RLIN) 4427
650 #4 - ASIENTO SECUNDARIO DE MATERIA - TERMINO TEMATICO
Término de materia o nombre geográfico como elemento de entrada Educación primaria
9 (RLIN) 1552
650 #7 - ASIENTO SECUNDARIO DE MATERIA - TERMINO TEMATICO
Término de materia o nombre geográfico como elemento de entrada Lexicografía
9 (RLIN) 48676
650 #2 - ASIENTO SECUNDARIO DE MATERIA - TERMINO TEMATICO
Término de materia o nombre geográfico como elemento de entrada Vocabulario
9 (RLIN) 21137
773 ## - ENLACE AL DOCUMENTO FUENTE/ENTRADA DE REGISTRO ANFITRIÓN
Parte(s) relacionada(s) Vol. 34, no. 1 (2015), p. 13-27
Título Campo abierto : revista de educación
Número Internacional Normalizado para Publicaciones Seriadas 0213-9529
856 4# - LOCALIZACIÓN Y ACCESO ELECTRÓNICOS
Identificador Uniforme del Recurso <a href="https://revista-campoabierto.unex.es/index.php/campoabierto/article/view/2083">https://revista-campoabierto.unex.es/index.php/campoabierto/article/view/2083</a>
902 ## - ELEMENTOS DE DATOS B LOCAL, LDB (RLIN)
Creó Gloria Jiménez/060525
905 ## - TIPO DE MATERIAL
Tipo de material Articulo
942 ## - ELEMENTOS DE PUNTO DE ACCESO ADICIONAL (KOHA)
Tipo de ítem Koha Artículo Electrónico
Holdings
Estado de retiro Estado de pérdida Estado dañado No para préstamo Código de colección Localización permanente Ubicación/localización actual Ubicación en estantería Fecha de adquisición Total de préstamos Fecha visto por última vez Identificador Uniforme del Recurso Precio válido a partir de Tipo de ítem Koha
        Acceso abierto Bib. Gregorio Torres Quintero Bib. Gregorio Torres Quintero En línea 06/05/2025   06/05/2025 https://revista-campoabierto.unex.es/index.php/campoabierto/article/view/2083 06/05/2025 Artículo Electrónico